[Event "St Quentin op"]
[Site "St Quentin"]
[Date "1999.04.19"]
[Round "3"]
[White "Pira, Davoud"]
[Black "Dussol, Pierre"]
[Result "1-0"]
[WhiteElo "2382"]
[BlackElo "2234"]

1.d4 d6 2.e4 Nf6 3.Nc3 e5 4.dxe5 dxe5 5.Qxd8+ Kxd8 6.Bg5 Be6 7.O-O-O+ Nd7
8.Nf3 Kc8 9.Bh4 h6 10.a3 a6 11.Be2 Bd6 12.Nd2 b5 13.h3 Kb7 14.Nb3 Nc5 15.Na5+ Kc8
16.f3 Nb7 17.Nb3 c6 18.Na5 Nxa5 19.Rxd6 Kc7 20.Rhd1 Nh5 21.b3 Nf4 22.Bf1 Nb7
23.R6d2 g5 24.Bf2 h5 25.h4 f6 26.hxg5 fxg5 27.g3 Ng6 28.Be3 Raf8 29.Bg2 h4
30.Bxg5 hxg3 31.Ne2 Rhg8 32.Rh1 Nf4 33.Bxf4 exf4 34.Rh4 Nc5 35.Nxf4 Bc8 36.Ne2 Ne6
37.f4 Rg7 38.Rd3 Nc5 39.Re3 Rfg8 40.f5 Rg5 41.Rh3  1-0

[Event "St Quentin op"]
[Site "St Quentin"]
[Date "1999.04.22"]
[Round "6"]
[White "Te, Roza"]
[Black "Okhotnik, Vladimir"]
[Result "0-1"]
[WhiteElo "2280"]
[BlackElo "2438"]

1.e4 d6 2.d4 Nf6 3.Nc3 e5 4.dxe5 dxe5 5.Qxd8+ Kxd8 6.Bg5 Be6 7.O-O-O+ Kc8
8.f4 exf4 9.Bxf4 Ng4 10.Nh3 Bc5 11.Nd5 c6 12.Nc7 Be3+ 13.Bxe3 Nxe3 14.Nxa8 Nxd1
15.Kxd1 Bxh3 16.gxh3 Nd7 17.Rg1 g6 18.h4 Kb8 19.h5 Ne5 20.Be2 Kxa8 21.Kd2 Kb8
22.Ke3 Kc7 23.Kf4 f6 24.h4 Kd6 25.Rg3 a5 26.a4 b6 27.Rb3 Kc5 28.Rc3+ Kd6
29.Rb3 Kc7 30.Rh3 Rd8 31.Ke3 g5 32.hxg5 fxg5 33.h6 Rg8 34.Rh1 Rg6 35.Rg1 Kd6
36.c3 g4 37.Kf4 Rf6+ 38.Kg5 Rf2 39.Bxg4 Nf7+ 40.Kh4 Nxh6 41.Bh3 Ke5 42.Rg7 Rf7
43.Rg5+ Kxe4 44.Bg2+ Kf4 45.Bxc6 Rf6 46.Bd7 Nf5+ 47.Bxf5 Rh6+ 48.Rh5 Rxh5+
49.Kxh5 Kxf5 50.Kh6 Ke4 51.Kxh7 Kd3 52.Kg6 Kc2  0-1

[Event "POL-ch"]
[Site "Polanica Zdroj"]
[Date "1999.04.25"]
[Round "3"]
[White "Sosnicki, Michal"]
[Black "Macieja, Bartlomiej"]
[Result "0-1"]
[WhiteElo "2286"]
[BlackElo "2553"]

1.d4 d6 2.e4 Nf6 3.Nc3 e5 4.Nf3 Nbd7 5.Bc4 Be7 6.O-O O-O 7.Re1 c6 8.a4 b6
9.Ba2 a6 10.h3 Bb7 11.dxe5 dxe5 12.Bg5 b5 13.Bxf6 Bxf6 14.Nh2 Qe7 15.Qf3 g6
16.Ng4 Bg5 17.Rad1 Rad8 18.axb5 axb5 19.g3 h5 20.Ne3 Qf6 21.Kg2 Qxf3+ 22.Kxf3 Nc5
23.Rxd8 Rxd8 24.Rd1 Rd4 25.Ng2 Rb4 26.h4 Be7 27.Rb1 Rd4 28.Rd1 Bc8 29.Ne3 b4
30.Ne2 Bg4+  0-1

[Event "St Quentin op"]
[Site "St Quentin"]
[Date "1999.04.25"]
[Round "9"]
[White "Dussol, Pierre"]
[Black "Toulzac, Pierre Yves"]
[Result "0-1"]
[WhiteElo "2234"]
[BlackElo "2250"]

1.e4 d6 2.d4 Nf6 3.Nc3 c6 4.f4 Qa5 5.Bd2 Qb6 6.e5 Nd5 7.Nxd5 cxd5 8.Bc3 Bf5
9.Nf3 e6 10.Be2 Nc6 11.a3 dxe5 12.fxe5 Be7 13.O-O O-O 14.Kh1 f6 15.Qd2 Be4
16.b4 a6 17.Bb2 Rac8 18.Rfc1 fxe5 19.dxe5 Rf5 20.c4 Bxf3 21.Bxf3 Bg5 22.Qe2 Bxc1
23.Rxc1 Ne7 24.Bg4 Rf7 25.c5 Qc6 26.Qc2 Rcf8 27.Kg1 Nf5 28.Qb3 b5 29.cxb6 Qxb6+
30.Rc5 Nd4 31.Qd3 Nb3  0-1

[Event "Dubai op"]
[Site "Dubai"]
[Date "1999.05.01"]
[Round "1"]
[White "Al Argha, Hisham"]
[Black "Guseinov, Aidyn"]
[Result "0-1"]
[WhiteElo "2152"]
[BlackElo "2513"]

1.e4 d6 2.d4 Nf6 3.Nc3 Nbd7 4.Nf3 e5 5.Be2 Be7 6.O-O O-O 7.h3 c6 8.Be3 b5
9.a3 a6 10.Re1 Bb7 11.Bf1 Re8 12.Qd2 Bf8 13.dxe5 dxe5 14.Nh4 c5 15.f3 g6
16.Rad1 Be7 17.Bf2 b4 18.Nb1 Qc7 19.b3 Rad8 20.a4 Nh5 21.Qh6 Bf8 22.Qg5 h6
23.Qe3 Kg7 24.Nd2 Be7 25.g3 Bg5 26.Qe2 Bxh4 27.gxh4 Nf8 28.Nc4 Ne6 29.Rxd8 Rxd8
30.Rd1 Nd4 31.Bxd4 cxd4 32.Qh2 Nf4 33.Nb2 Rd6 34.Nd3 Rf6  0-1

[Event "Kastav"]
[Site "Kastav"]
[Date "1999.05.01"]
[Round "10"]
[White "Jakubovic, Nedzad"]
[Black "Petrov, Jole"]
[Result "1/2-1/2"]
[WhiteElo "2250"]
[BlackElo "2421"]

1.e4 d6 2.d4 Nf6 3.Nc3 Nbd7 4.Nf3 e5 5.dxe5 dxe5 6.Bc4 Bb4 7.O-O c6 8.Qe2 O-O
9.h3 Qe7 10.Bd2 b5 11.Bb3 Nc5 12.Nd5 Nxd5 13.Bxd5 cxd5 14.Bxb4 a5 15.Bxc5 Qxc5
16.exd5 f6 17.Rfd1 Rd8 18.Nd2 Bf5 19.Ne4 Qb4 20.Ng3 Bg6 21.c3 Qc4 22.Rd2 a4
23.a3 Ra6 24.Rad1 Rad6 25.Qg4 Kf8 26.Nf1 Qxg4 27.hxg4 h5 28.gxh5 Bxh5 29.f3 f5
30.Re1 Rxd5 31.Rxd5 Rxd5 32.Ne3 Rd2 33.Nxf5 Rxb2 34.Rxe5 Be8 35.Nxg7 Bd7
36.Ne6+ Ke7 37.Nc5+ Kd6 38.Nxd7 Kxd7 39.Re4 Rb3 40.c4 b4 41.c5 Kc6 42.Kh2 Kxc5
43.axb4+ Rxb4 44.Re1 a3 45.Ra1 Ra4 46.g4 a2 47.Kg3 Kd6 48.f4 Ke6 49.Kf3  1/2-1/2

[Event "Dubai op"]
[Site "Dubai"]
[Date "1999.05.06"]
[Round "6"]
[White "Othman, A Moussa"]
[Black "Labib, Ibrahim Hasan"]
[Result "0-1"]
[WhiteElo "2327"]
[BlackElo "2405"]

1.d4 d6 2.e4 Nf6 3.Nc3 Nbd7 4.f4 e5 5.fxe5 dxe5 6.dxe5 Nxe5 7.Qxd8+ Kxd8
8.Bg5 c6 9.Nf3 Bd6 10.O-O-O Kc7 11.Nd4 Bd7 12.Be2 Nfg4 13.Rdf1 f6 14.Bf4 Nf7
15.g3 Rhe8 16.h3 Nge5 17.Bh5 g6 18.Be2 Ng5 19.g4 Ne6 20.Be3 Be7 21.Nf3 b5
22.Nd1 Nxf3 23.Rxf3 Nc5 24.Bd3 Nxd3+ 25.cxd3 Be6 26.Kb1 f5 27.gxf5 gxf5 28.Nc3 fxe4
29.Nxe4 Rf8 30.Bf4+ Kb7 31.Rhf1 Rad8 32.Bg5 Rxf3 33.Rxf3 Rf8 34.Re3 Bxg5
35.Nxg5 Rf1+ 36.Kc2 Bxa2 37.Nxh7 Rf2+ 38.Kc1 a5 39.Ng5 Bb3 40.Ne4 Rc2+ 41.Kb1 Kb6
42.d4 a4 43.Nc5 Rd2 44.Nxb3 axb3 45.Rxb3 Rxd4 46.Rg3 c5 47.Rg1 c4 48.Rh1 Rh4
49.Kc2 b4 50.b3 c3 51.Kd3 Kc5 52.Ke3 Kd5 53.Kd3 Rd4+ 54.Ke3 Re4+ 55.Kf3 Rh4
56.Rd1+ Rd4 57.Rh1 Rd3+ 58.Kg4 c2 59.Rc1 Rd2  0-1

[Event "Dubai op"]
[Site "Dubai"]
[Date "1999.05.06"]
[Round "6"]
[White "Mamedov, Nidjat"]
[Black "El Taher, Fouad"]
[Result "1-0"]
[WhiteElo "2255"]
[BlackElo "2468"]

1.e4 d6 2.d4 Nf6 3.Nc3 Nbd7 4.Nf3 e5 5.Be2 Be7 6.O-O O-O 7.Re1 c6 8.a4 Re8
9.Bf1 Qc7 10.g3 b6 11.Bg2 Bb7 12.h3 a6 13.dxe5 dxe5 14.Nh2 b5 15.Qe2 Nc5
16.Be3 b4 17.Bxc5 Bxc5 18.Nd1 a5 19.Ng4 Nxg4 20.Qxg4 Rad8 21.Ne3 Rd2 22.Re2 Bxe3
23.fxe3 Qd8 24.Bf1 c5 25.Rae1 g6 26.Bg2 c4 27.Qf3 Rd6 28.Rf2 Qc7 29.g4 Bc6
30.b3 c3 31.Bf1 f6 32.Bd3 Rf8 33.Ref1 Kg7 34.g5 Qe7 35.Qg3 h6 36.gxh6+ Kxh6
37.h4 Kg7 38.Rg2 Be8 39.Bb5 Rh8 40.Bxe8 Qxe8 41.Rgf2 Rh5 42.Re2 Qf7 43.Qg4 Rh6
44.Qg3 Qg8 45.Ref2 Qh8 46.Rh2 Qa8 47.Qf3 Qd8 48.Qg4 Qd7 49.Qf3 Rh5 50.Qg3 Rd2
51.Rhf2 Rxf2 52.Rxf2 Qd1+ 53.Kg2 g5 54.Qh3 Rxh4 55.Qe6 Qh1+ 56.Kg3 Qg1+ 57.Kf3 Qd1+
58.Kg3 Qd8 59.Qc6 Kg6 60.Qe6 Rh7 61.Qf5+ Kg7 62.Qe6 Rh6 63.Qa6 Qe7 64.Qb5 Qd7
65.Qxd7+  1-0

[Event "ISR-chT"]
[Site "Israel"]
[Date "1999.05.08"]
[Round "11"]
[White "Rabinovich, Alexander"]
[Black "Oratovsky, Michael"]
[Result "1/2-1/2"]
[WhiteElo "2437"]
[BlackElo "2480"]

1.d4 d6 2.e4 Nf6 3.Nc3 e5 4.dxe5 dxe5 5.Qxd8+ Kxd8 6.f4 Bd6 7.Nf3 Nc6 8.fxe5 Nxe5
9.Bg5 c6 10.Be2 Kc7 11.O-O-O Nfd7 12.Kb1 f6 13.Bf4 Nf8 14.Bg3 Nfg6 15.Nd4 Bd7
16.Nf5 Bxf5 17.exf5 Ne7 18.Rhf1 Rad8 19.Ne4 Nd5 20.Nxd6 Rxd6 21.c4 Nb6 22.Kc2 Rxd1
23.Rxd1 Re8 24.b3 Kc8 25.Rd2 Nbd7 26.b4 Re7 27.c5 a5 28.a3 axb4 29.axb4 b6
30.Ba6+ Kc7 31.cxb6+  1/2-1/2

[Event "Salsomaggiore Terme op"]
[Site "Salsomaggiore Terme"]
[Date "1999.05.08"]
[Round "4"]
[White "Salami, Marco"]
[Black "De Santis, Alessio"]
[Result "1/2-1/2"]
[WhiteElo "2220"]
[BlackElo "2356"]

1.e4 d6 2.d4 Nf6 3.Nc3 c6 4.Be2 Nbd7 5.Nf3 e5 6.O-O Be7 7.a4 O-O 8.Re1 Re8
9.h3 Qc7 10.Bc4 a5 11.Bb3 Nf8 12.Ng5 Ne6 13.Nxe6 Bxe6 14.Bxe6 fxe6 15.dxe5 dxe5
16.Bg5 Rad8 17.Qe2 Rd4 18.Qf3 Rf8 19.Qe2 Bb4 20.f3 Qf7 21.Red1 Nh5 22.Be3 Nf4
23.Qf2 Bxc3 24.bxc3 Rc4 25.Qd2 Qc7 26.Kh2 b5 27.Bxf4 exf4 28.Qd7 Qxd7 29.Rxd7 bxa4
30.Rb1 Kh8 31.Ra7 Rxc3 32.Rxa5 Rxc2 33.Rxa4 h6 34.Ra7 Rf6 35.Ra8+ Kh7 36.Rbb8 e5
37.Rh8+ Kg6 38.Rhe8 Rd6 39.Rad8 Rxd8 40.Rxd8 c5 41.Rd6+ Kf7 42.Rd7+ Kf6 43.Rd6+ Ke7
44.Rg6 Kf7 45.Rc6 Rc1 46.Rc7+ Kg6 47.Rc6+  1/2-1/2

[Event "Salsomaggiore Terme op"]
[Site "Salsomaggiore Terme"]
[Date "1999.05.09"]
[Round "6"]
[White "Fercec, Nenad"]
[Black "De Santis, Alessio"]
[Result "1-0"]
[WhiteElo "2495"]
[BlackElo "2356"]

1.e4 d6 2.d4 Nf6 3.Nc3 c6 4.Nge2 Nbd7 5.h3 e5 6.g4 Be7 7.Bg2 O-O 8.O-O b5
9.a3 Bb7 10.f4 a5 11.Ng3 exd4 12.Nce2 c5 13.g5 Ne8 14.Nf5 f6 15.h4 fxg5 16.hxg5 d5
17.Nxe7+ Qxe7 18.e5 Nc7 19.Bd2 b4 20.Ng3 Ra6 21.Qg4 g6 22.Rae1 Re8 23.Qh4 Qf7
24.f5 Rxe5 25.fxg6 Qxg6 26.Rxe5 Nxe5 27.Qf4 Qe8 28.Nf5 Bc8 29.Nh6+ Kg7 30.Re1 Re6
31.Rxe5  1-0

[Event "Capablanca mem Elite"]
[Site "Havana"]
[Date "1999.05.13"]
[Round "6"]
[White "Bruzon, Lazaro"]
[Black "Hoffman, Alejandro"]
[Result "0-1"]
[WhiteElo "2488"]
[BlackElo "2547"]

1.e4 d6 2.d4 Nf6 3.Nc3 e5 4.Nf3 Nbd7 5.Bc4 Be7 6.O-O O-O 7.Re1 c6 8.a4 b6
9.Bg5 a6 10.d5 c5 11.Bf1 Ne8 12.Bc1 g6 13.Nd2 f5 14.exf5 gxf5 15.f4 e4 16.Nc4 Ndf6
17.Rb1 Qc7 18.b3 Rb8 19.Ne3 Rf7 20.Bb2 Rg7 21.Kh1 Rg6 22.Qd2 Bd8 23.Ne2 Qg7
24.b4 Qh6 25.bxc5 dxc5 26.Be5 Rb7 27.Nc3 Rbg7 28.Qf2 Nh5 29.Bxg7 Rxg7 30.Ne2 Nd6
31.c4 a5 32.Kg1 Bd7 33.Ra1 Nf6 34.g3 Qg6 35.Kh1 h5 36.Nc3 Ng4 37.Nxg4 hxg4
38.Rab1 Rh7 39.Re2 Nxc4 40.Ra2 Nd6 41.Nb5 Bxb5 42.Bxb5 Bf6 43.Qe2 Qg7 44.Bc6 Qa7
45.Ra3 Bd4 46.h4 c4 47.Rd1 Qg7 48.Bd7 Qf6 49.Be6+ Kf8 50.Kg2 Rc7 51.Ra2 Kg7
52.Rc2 Kh6 53.Qd2 Bc5 54.Kh2 Bb4 55.Qe2 Rc5 56.Kg2 Qh8 57.Kh2 Qg7 58.Rdc1 Rc7
59.Qf2 Bc5 60.Qe2 Qd4 61.Bxf5 Nxf5 62.Rxc4 Qd3 63.Qxd3 exd3  0-1

[Event "Zalakaros Kupa 18th"]
[Site "Zalakaros"]
[Date "1999.05.13"]
[Round "2"]
[White "Jentsch, Dieter"]
[Black "Horvath, Adam"]
[Result "1-0"]
[WhiteElo "2243"]
[BlackElo "2437"]

1.e4 d6 2.d4 Nf6 3.Nc3 e5 4.Nf3 Nbd7 5.Bc4 Be7 6.O-O O-O 7.h3 c6 8.dxe5 dxe5
9.Qe2 Qc7 10.a4 Nc5 11.b3 Ne6 12.Be3 Bb4 13.Na2 Be7 14.Nc3 a5 15.Rad1 Bb4
16.Bd2 Re8 17.Na2 Bxd2 18.Rxd2 Nf4 19.Qe3 Bxh3 20.gxh3 Nxh3+ 21.Kh1 Ng4 22.Qe1 Qe7
23.Nc3 Qf6 24.Nh2 Nxh2 25.Kxh2 Ng5 26.Rd3 Nf3+ 27.Rxf3 Qxf3 28.Rg1 Rad8 29.Rg3 Qf4
30.Qe3 Rd2 31.Kg2 Qxe3 32.Rxe3 Rxc2 33.Rd3 g6 34.Rd7 Rf8 35.Nd1 b5 36.axb5 cxb5
37.Bxb5 Rc5 38.Bc4 a4 39.Ne3 axb3 40.Bxb3 Kg7 41.Bd5 Rcc8 42.Nc4 Rce8 43.Ra7 Kf6
44.Ra6+ Kg5 45.Ra7 Kf4 46.Nd6 Rb8 47.Nxf7 Rbe8 48.Ra3 h5 49.Rf3+ Kg4 50.Nxe5+  1-0

[Event "VCN SchaakFestival"]
[Site "Soest"]
[Date "1999.05.14"]
[Round "1"]
[White "Siebelhoff, Herman"]
[Black "Loeber, Roderick"]
[Result "1/2-1/2"]
[WhiteElo "1200"]
[BlackElo "1902"]

1.e4 d6 2.d4 Nf6 3.Nc3 Nbd7 4.Nf3 e5 5.Bc4 Be7 6.O-O O-O 7.a4 c6 8.h3 Qc7
9.dxe5 dxe5 10.Be3 Nc5 11.Nd2 Ne6 12.Nb3 Bd7 13.Qf3 Rad8 14.Rfd1 b6 15.Ne2 Bc8
16.Ng3 Rfe8 17.a5 c5 18.Bb5 Rxd1+ 19.Rxd1 Rd8 20.axb6 axb6 21.c3 Bb7 22.Rxd8+ Qxd8
23.Nd2 Nc7 24.Bf1 Nce8 25.Qd1 Nxe4 26.Ngxe4 Bxe4 27.Qa4 Bd5 28.Bb5 Nc7 29.Bc6 h6
30.Nc4 Bxc6 31.Qxc6 Nd5 32.Nxe5 Nxe3 33.fxe3 Qd1+ 34.Kf2 Bh4+ 35.g3 Qc2+
36.Kf3 Qf5+ 37.Kg2 Bg5 38.Qe8+ Kh7 39.Nxf7 Qd5+ 40.Kf2 Qf5+  1/2-1/2

[Event "Zalakaros Kupa 18th"]
[Site "Zalakaros"]
[Date "1999.05.14"]
[Round "3"]
[White "Nagy, Janos"]
[Black "Okhotnik, Vladimir"]
[Result "0-1"]
[WhiteElo "2253"]
[BlackElo "2438"]

1.e4 d6 2.d4 Nf6 3.Nc3 e5 4.Nf3 Nbd7 5.dxe5 dxe5 6.Bc4 Bb4 7.O-O O-O 8.Nd5 Nxd5
9.Qxd5 c6 10.Qd1 Qf6 11.c3 Bd6 12.a4 Nc5 13.Nd2 a5 14.Re1 Be6 15.b4 axb4
16.cxb4 b5 17.bxc5 Bxc5 18.Bxe6 Bxf2+ 19.Kh1 Bxe1 20.Qxe1 Qxe6 21.Ba3 Rfd8
22.axb5 cxb5 23.Bb2 Rxa1 24.Qxa1 Qd6 25.Bc1 Qd3 26.h3 Qc2 27.Kh2 Rc8  0-1

[Event "Zalakaros Kupa 18th"]
[Site "Zalakaros"]
[Date "1999.05.15"]
[Round "4"]
[White "Sax, Gyula"]
[Black "Okhotnik, Vladimir"]
[Result "1-0"]
[WhiteElo "2524"]
[BlackElo "2438"]

1.e4 d6 2.d4 Nf6 3.Nc3 e5 4.Nge2 Nc6 5.f3 a6 6.Be3 exd4 7.Nxd4 d5 8.exd5 Nb4
9.Qe2 Nbxd5 10.Nxd5 Nxd5 11.O-O-O Qe7 12.Bg5 Qxe2 13.Nxe2 c6 14.Nf4 f6 15.Nxd5 cxd5
16.Bf4 Be6 17.Bd3 Bc5 18.Bf5 Bf7 19.Rhe1+ Kf8 20.a3 a5 21.c3 a4 22.Be3 Bd6
23.c4 g6 24.Bh6+ Kg8 25.Be6 Bxh2 26.cxd5 Bd6 27.Re4 b5 28.Rdd4 g5 29.f4 Bxf4+
30.Rxf4 gxf4 31.Rxf4 Rc8+ 32.Bxc8 Bxd5 33.Rxf6  1-0

[Event "VCN SchaakFestival"]
[Site "Soest"]
[Date "1999.05.16"]
[Round "7"]
[White "Erwich, Marc"]
[Black "Bloemhard, Rudy"]
[Result "1/2-1/2"]
[WhiteElo "2118"]
[BlackElo "2116"]

1.e4 d6 2.d4 Nf6 3.Nc3 e5 4.dxe5 dxe5 5.Qxd8+ Kxd8 6.Bg5 Bd6 7.Bc4 Be6 8.Bxe6 fxe6
9.O-O-O Nc6 10.Nge2 Ke7 11.f3 a6 12.Rd3 h6 13.Be3 Rhd8 14.Rhd1 Nd7 15.Ng3 Rab8
16.h4 Nd4 17.Nce2 Nxe2+ 18.Nxe2 Nc5 19.R3d2 Na4 20.c3 Bc5 21.Bxc5+ Nxc5 22.Kc2 Rd6
23.b4 Na4 24.f4 exf4 25.Nxf4 Rbd8 26.Rxd6 cxd6 27.Rf1 Kf6 28.Kb3 b5 29.Nd3+ Ke7
30.c4 bxc4+ 31.Kxa4 cxd3 32.Rd1 Kf6 33.Rxd3 Ke5 34.Re3 Kd4 35.Re1 d5 36.Ka5 Rb8
37.exd5 Kxd5 38.a4 e5 39.Rd1+ Kc4 40.Rc1+ Kd5 41.Rc7 e4 42.Rxg7 Re8 43.Rc7 e3
44.Rc1 Re6 45.b5 axb5 46.axb5 e2 47.Re1 Kd4 48.b6 Ke3 49.b7 Re8 50.g4 Kf2
51.Rc1 e1=Q+ 52.Rxe1 Kxe1 53.g5 hxg5 54.hxg5 Rg8 55.Kb6 Kd2 56.Ka7 Rg7 57.Kb6 Rg6+
58.Kc7 Rg7+ 59.Kb6 Rg6+ 60.Ka7 Rg7 61.Ka8 Rxg5  1/2-1/2

[Event "Zalakaros Kupa 18th"]
[Site "Zalakaros"]
[Date "1999.05.16"]
[Round "5"]
[White "Palkovi, Jozsef"]
[Black "Varga, Zoltan"]
[Result "0-1"]
[WhiteElo "2451"]
[BlackElo "2518"]

1.e4 d6 2.d4 Nf6 3.Nc3 e5 4.Nf3 Nbd7 5.Bc4 Be7 6.O-O O-O 7.Re1 c6 8.a4 b6
9.Bg5 a6 10.Bxf6 Bxf6 11.d5 c5 12.Nd2 g6 13.Bf1 Qc7 14.Nc4 Bg7 15.Qb1 f5
16.b4 Rb8 17.b5 a5 18.Qd1 Nf6 19.f3 f4 20.g4 fxg3 21.hxg3 Nh5 22.Kh2 Qe7
23.Ra3 Qg5 24.Ne2 Nxg3 25.Nxg3 Rf4 26.Kg2 h5 27.Kf2 Bg4 28.Bg2 Rbf8 29.Ree3 h4
30.Ne2 h3 31.Bh1 Qh4+ 32.Ng3 h2 33.Qe1 Bh6 34.Ke2 Bh3 35.Nd2 R4f7 36.Red3 Bf4
37.Ngf1 Qg5 38.Ne3 Qg1 39.Ra1 Qg5 40.Ndc4 Bg3 41.Qc1 Rxf3 42.Rd1 Bg4 43.Kd3 Bf2
44.Rf1 Bxe3 45.Qxe3 Rxe3+ 46.Nxe3 c4+ 47.Nxc4 Rxf1 48.Rxf1 Bh3 49.Rd1 Bg2
50.Nxb6 Qg3+ 51.Kc4 Bxh1 52.Rxh1 Qg2 53.Rxh2 Qxh2  0-1

[Event "Zalakaros Kupa 18th"]
[Site "Zalakaros"]
[Date "1999.05.18"]
[Round "7"]
[White "Horvath, Adam"]
[Black "Varga, Zoltan"]
[Result "0-1"]
[WhiteElo "2437"]
[BlackElo "2518"]

1.e4 d6 2.d4 Nf6 3.Nc3 e5 4.Nf3 Nbd7 5.Bc4 Be7 6.O-O O-O 7.Re1 c6 8.a4 b6
9.d5 cxd5 10.Nxd5 Bb7 11.c3 Rc8 12.Bb3 Nc5 13.Nxf6+ Bxf6 14.Bd5 Qd7 15.a5 b5
16.b4 Bxd5 17.bxc5 Ba8 18.Qxd6 Qxd6 19.cxd6 Rfd8 20.Ba3 Rxc3 21.Rec1 Rxc1+
22.Rxc1 Bxe4 23.Rc7 a6 24.Nd2 Bd5 25.f3 Bg5 26.Ne4 Be3+ 27.Kf1 f5 28.d7 Be6
29.Nd6 Bxd7 30.Nb7 b4 31.Bxb4 Bb5+ 32.Ke1 Rd7 33.Rc8+ Kf7 34.Nd6+ Ke6 35.Nxb5 axb5
36.Rb8 Kd5  0-1

[Event "Zalakaros Kupa 18th"]
[Site "Zalakaros"]
[Date "1999.05.18"]
[Round "7"]
[White "Groszpeter, Attila"]
[Black "Okhotnik, Vladimir"]
[Result "1/2-1/2"]
[WhiteElo "2482"]
[BlackElo "2438"]

1.e4 d6 2.d4 Nf6 3.Nc3 e5 4.Nf3 Nbd7 5.Bc4 Be7 6.O-O O-O 7.Re1 c6 8.a4 Qc7
9.h3 b6 10.Bg5 h6 11.Bh4 Re8 12.d5 c5 13.a5 bxa5 14.Nd2 Rb8 15.Nb3 Rb4 16.Nxa5 g5
17.Bg3 Nf8 18.Bb5 Bd7 19.Bxd7 Qxd7 20.Nc6 Rxb2 21.Rxa7 Rb7 22.Rxb7 Qxb7 23.Qf3 Ra8
24.Qf5 Ng6 25.Rb1 Qc7 26.Nb5 Qb7 27.Nc3 Qc7 28.Nb5 Qb7 29.Rb3 Ra1+ 30.Kh2 c4
31.Rb4 Kg7 32.Nxd6 Qxb4 33.Nxb4 Bxd6 34.Nc6 Ra4 35.Qc8 Nxe4 36.Qd7 Nf8 37.Qd8 Ng6
38.Qd7 Nf8 39.Qd8 Ng6 40.f3 Nxg3 41.Qxd6 Nf1+ 42.Kg1 Ra1 43.Kf2 e4 44.fxe4 Nd2
45.Ke3 c3 46.Qb4 Re1+ 47.Kd3 Nxe4 48.Qd4+ Nf6 49.Kxc3 Nf4 50.Kb2 Re4 51.Qa7  1/2-1/2

[Event "Zalakaros Kupa 18th"]
[Site "Zalakaros"]
[Date "1999.05.18"]
[Round "7"]
[White "Marton, Jozsef"]
[Black "Vujosevic, Vladimir"]
[Result "0-1"]
[WhiteElo "2155"]
[BlackElo "2361"]

1.e4 d6 2.d4 Nf6 3.Nc3 c6 4.f4 Qa5 5.e5 Ne4 6.Bd2 Nxd2 7.Qxd2 d5 8.Bd3 g6
9.h3 Qb4 10.Nge2 Qxb2 11.O-O e6 12.f5 gxf5 13.Qg5 Qb6 14.g4 Qd8 15.Qxd8+ Kxd8
16.gxf5 Bh6 17.Rf3 Bd7 18.Kf2 Ke7 19.Rg1 Be8 20.f6+ Kd8 21.Rfg3 Nd7 22.Rg8 Rxg8
23.Rxg8 a6 24.Nd1 c5 25.c3 cxd4 26.cxd4 b5 27.Rh8 b4 28.Rxh7 Bd2 29.Rh8 a5
30.h4 a4 31.Ne3 b3 32.axb3 a3 33.h5 a2 34.Nc2 Rc8 35.Na1 Bc3 36.h6 Bxa1 37.Rxe8+ Kxe8
38.h7 Kd8 39.h8=Q+ Kc7 40.Qh5 Bb2 41.Qxf7 a1=Q 42.Qxe6 Bxd4+ 43.Kg2 Rh8 44.Qd6+ Kd8
45.Nxd4 Qh1+ 46.Kf2 Rh2+ 47.Ke3 Qg1+ 48.Kf3 Rf2+  0-1

[Event "Santo Antonio"]
[Site "Santo Antonio"]
[Date "1999.05.20"]
[Round "6"]
[White "Hamdouchi, Hichem"]
[Black "Campora, Daniel H"]
[Result "1/2-1/2"]
[WhiteElo "2564"]
[BlackElo "2553"]

1.e4 d6 2.d4 Nf6 3.Nc3 Nbd7 4.g4 h6 5.Be3 e5 6.f3 Be7 7.Qd2 c6 8.Nge2 Qc7
9.O-O-O b5 10.Re1 b4 11.Nd1 c5 12.d5 a5 13.c4 Nb6 14.Ng3 Ba6 15.b3 a4 16.h4 Bc8
17.Kc2 Bd7 18.Nb2 Ra6 19.Bd3 Qa7 20.g5 Ng8 21.Nf5 Bf8 22.gxh6 Bxf5 23.exf5 Nxh6
24.Rb1 Qd7 25.Bxh6 Rxh6 26.Qg5 Qa7 27.f4 axb3+ 28.axb3 Ra2 29.fxe5 dxe5 30.Qg3 f6
31.Be4 Qa3 32.Rh3 Nc8 33.d6 Nxd6 34.Bc6+ Kd8 35.Qd3 Qa6 36.Qd5 Qc8 37.Rf1 Kc7
38.Ba4 Kb8 39.Kb1 Ra3 40.h5 Nxf5 41.Rxf5 Qxf5+ 42.Rd3 Rxh5 43.Qc6 Rh2 44.Qb6+ Kc8
45.Qa6+ Kb8 46.Qb6+ Kc8  1/2-1/2

[Event "IHEM"]
[Site "Hamburg"]
[Date "1999.05.23"]
[Round "2.15"]
[White "Trisic, Alexandar"]
[Black "Sass, Andreas"]
[Result "1-0"]
[WhiteElo "2317"]
[BlackElo "2146"]

1.e4 d6 2.d4 Nf6 3.Nc3 c6 4.Nf3 Bg4 5.h3 Bxf3 6.Qxf3 e5 7.Be3 Be7 8.O-O-O Qc7
9.g4 O-O 10.g5 Ne8 11.h4 Nd7 12.Bh3 Nb6 13.Qe2 d5 14.dxe5 Qxe5 15.f4 Qc7
16.e5 Nc4 17.Bd4 Qa5 18.Bf5 Bc5 19.Bxc5 Qxc5 20.Rd3 Qb4 21.b3 Qa3+ 22.Kd1 Nb2+
23.Kd2 Nxd3 24.Qxd3 g6 25.Bg4 Qb4 26.Ke3 Rd8 27.Ne2 Ng7 28.h5 c5 29.Kf2 Qe4
30.Qxe4 dxe4 31.Ke3 Rfe8 32.Ng3 Rd4 33.Nxe4 Rxe4+ 34.Kxe4 gxh5 35.Bxh5 Nxh5
36.Rxh5 Rd8 37.Rh2 Rd4+ 38.Kf5 Kg7 39.Kg4 b6 40.c3 Rd3 41.f5 Rxc3 42.f6+ Kf8
43.Rxh7 Kg8 44.g6  1-0

[Event "CRO-Cup"]
[Site "Pula"]
[Date "1999.05.24"]
[Round "1"]
[White "Palac, Mladen"]
[Black "Kosanski, Stanko"]
[Result "1-0"]
[WhiteElo "2589"]
[BlackElo "2409"]

1.e4 d6 2.d4 Nf6 3.Nc3 c6 4.f4 Qa5 5.e5 Nd5 6.Bd2 Qb6 7.Nf3 Bg4 8.Be2 e6
9.Na4 Qc7 10.c4 Ne7 11.Nh4 Bxe2 12.Qxe2 g6 13.O-O d5 14.b3 Nd7 15.Rac1 h5
16.g3 Qd8 17.Rfd1 a6 18.Qe1 Nf5 19.Nf3 Be7 20.Rc2 O-O 21.Ba5 b6 22.Nxb6 Nxb6
23.c5 Qd7 24.Bxb6 Rfb8 25.Ba5 Kh8 26.Qe2 Qb7 27.Be1 Kg7 28.h3 Rh8 29.Kg2 Rh7
30.g4 hxg4 31.hxg4 Nh6 32.Ng5 Rhh8 33.Qf3 Qc8 34.Bd2 Qd7 35.Rh1 Rag8 36.Rcc1 Qb7
37.Rh3 Qd7 38.Rch1 Qd8 39.Rh4 Qe8 40.Qe2 Qd8 41.Qxa6 Qe8 42.Qe2 Qa8 43.Bc1 Qa5
44.R1h3 Qb4 45.Qe3 Bxg5 46.fxg5 Nxg4 47.Rxg4 Rxh3 48.Qxh3 Rh8 49.Qe3 Rh5
50.a3 Qb8 51.Qf3 Qb5 52.Bd2 Qa6 53.a4 Kg8 54.Kg1 Kf8 55.Rg2 Ke8 56.Rf2 Rh7
57.Qe2 Qa8 58.a5 Ke7 59.a6 Rh3 60.Qf1 Rh7 61.Rh2 Rxh2 62.Kxh2 Kf8  1-0

[Event "BCF-chT 98/99 (4NCL)"]
[Site "GBR"]
[Date "1999.05.25"]
[Round "11"]
[White "Beaumont, Chris"]
[Black "Lund, B."]
[Result "1/2-1/2"]
[WhiteElo "2298"]
[BlackElo "2295"]

1.d4 d6 2.e4 Nf6 3.Nc3 c6 4.f4 Qa5 5.e5 Ne4 6.Qf3 Nxc3 7.Bd2 Qd5 8.bxc3 Bf5
9.Bd3 Bxd3 10.cxd3 Nd7 11.Qxd5 cxd5 12.Rb1 b6 13.Nf3 e6 14.Ke2 dxe5 15.fxe5 f6
16.a4 Be7 17.Rhc1 Rc8 18.a5 O-O 19.axb6 axb6 20.Ra1 Ra8 21.c4  1/2-1/2

[Event "Ostrava zt (Women)"]
[Site "Ostrava"]
[Date "1999.05.25"]
[Round "4"]
[White "Peptan, Corina"]
[Black "Dworakowska, Joanna"]
[Result "1/2-1/2"]
[WhiteElo "2427"]
[BlackElo "2323"]

1.e4 d6 2.d4 Nf6 3.Nc3 e5 4.Nf3 Nbd7 5.Bc4 Be7 6.O-O O-O 7.Re1 c6 8.a4 b6
9.b3 a6 10.Bb2 Bb7 11.Bf1 Re8 12.Qd2 Bf8 13.Rad1 g6 14.h3 Qc7 15.Ba3 Rad8
16.dxe5 dxe5 17.Bxf8 Nxf8 18.Qg5 N6d7 19.Rd2 f6 20.Qh4 Kg7 21.Nh2 Nc5 22.Ng4 Qe7
23.Red1 Rxd2 24.Qh6+ Kh8 25.Qxd2 Nce6 26.Qd6 Kg7 27.Qxe7+ Rxe7 28.Ne3 Rd7
29.Nc4 b5 30.Na5 Ba8 31.axb5 Rxd1 32.Nxd1 cxb5 33.f3 Nd4 34.Ne3 Nc6 35.Nxc6 Bxc6
36.b4 Ne6 37.h4 Nd8 38.g4 Nb7 39.g5 h5 40.gxf6+ Kxf6 41.c4 Nd6 42.c5 Nc8
43.Kf2 Ne7 44.Bh3 Kf7 45.Kg3 Bb7 46.f4 Nc6 47.Nd5 exf4+ 48.Kxf4 a5 49.bxa5 Nxa5
50.Ke5 Nc4+ 51.Kf4 Na5 52.Bd7 Bc6 53.Bc8 Be8 54.Ba6 Nb3 55.Nc7 Nxc5 56.Bxb5 Bxb5
57.Nxb5 Ne6+ 58.Ke5 g5 59.Nd6+ Ke7 60.Nf5+ Kd7 61.Kf6 gxh4 62.Nxh4 Nc5 63.e5 Ke8  1/2-1/2

[Event "IHEM"]
[Site "Hamburg"]
[Date "1999.05.26"]
[Round "5.15"]
[White "Engelbert, Christoph"]
[Black "Sass, Andreas"]
[Result "1/2-1/2"]
[WhiteElo "2211"]
[BlackElo "2146"]

1.e4 d6 2.d4 Nf6 3.Nc3 c6 4.Nf3 Bg4 5.Be2 e6 6.O-O d5 7.Bg5 Be7 8.e5 Nfd7
9.Bxe7 Qxe7 10.h3 Bh5 11.Nd2 Bxe2 12.Nxe2 O-O 13.f4 c5 14.c3 Nc6 15.Nf3 b5
16.f5 b4 17.Qd2 bxc3 18.bxc3 cxd4 19.cxd4 exf5 20.Qc2 Rac8 21.Qxf5 g6 22.Qf4 Nd8
23.Rac1 Ne6 24.Qd2 Nb6 25.Nf4 Qd7 26.Nh2 Rxc1 27.Rxc1 Nc4 28.Qf2 f6 29.Nxe6 Qxe6
30.exf6 Rxf6 31.Nf3 Kg7 32.Re1 Qf5 33.Qe2 Rf7 34.Qe6 Qxe6 35.Rxe6 h6 36.Ne5 Nxe5
37.Rxe5 Rd7 38.Kh2 Kf6 39.Kg3 Rd8 40.Kf3 Rd6 41.Kf4 g5+ 42.Kg3 Kg6 43.h4 gxh4+
44.Kxh4 Ra6 45.Rxd5 Rxa2 46.g3 a5 47.Kg4 a4  1/2-1/2

[Event "RUS-ch49th (Women)"]
[Site "Moscow"]
[Date "1999.05.27"]
[Round "11"]
[White "Kosintseva, Tatiana"]
[Black "Stepovaia Dianchenko, Tatiana"]
[Result "1/2-1/2"]
[WhiteElo "2177"]
[BlackElo "2444"]

1.e4 d6 2.d4 Nf6 3.Nc3 e5 4.Nf3 Nbd7 5.g3 Be7 6.Bg2 O-O 7.O-O Re8 8.b3 Bf8
9.Bb2 a5 10.Re1 Rb8 11.a4 c6 12.Qd2 Qc7 13.Rad1 b5 14.axb5 cxb5 15.Nd5 Nxd5
16.exd5 e4 17.Ng5 Nf6 18.Nxe4 Nxd5 19.Ng5 Bb7 20.Qd3 Rxe1+ 21.Rxe1 g6 22.Qxb5 Nb4
23.Re8 Rxe8 24.Qxe8 Bxg2 25.Kxg2 Qe7 26.Qxe7 Bxe7 27.Ne4 Nxc2 28.d5 f5 29.Nd2 Nb4
30.Bc3 Nxd5 31.Bxa5 Kf7 32.f3 Bf6 33.Nc4 Ke6 34.Bd2 Nc7 35.Kf2 d5 36.Na3 Bb2
37.Nc2 Kd7 38.Nb4 Be5 39.Nd3 Bf6 40.Nb4 h5 41.Bf4 Bc3  1/2-1/2